| 000 | 00673nam a22002057a 4500 | ||
|---|---|---|---|
| 999 |
_c11005 _d11005 |
||
| 003 | AR-CdUCM | ||
| 008 | 190402b ||||| |||| 00| 0 spa d | ||
| 040 |
_aMUNICIPALIDAD PROVINCIAL DEL CUSCO _cBIBLIOTECA MUNICIPAL DEL CUSCO |
||
| 041 | _hfre | ||
| 082 |
_a709 / _bF265 / 1944 |
||
| 100 |
_aFaure, Elie _913753 |
||
| 245 | _aHistoria del arte / | ||
| 260 |
_aBuenos Aires : _bPoseidón, _c1944. |
||
| 300 |
_a446 páginas ; _bIlustraciones, _c25 cm. |
||
| 500 | _aLibro dañado. | ||
| 505 | _aContenido: v.5: El gran Ritmo -- Las Huellas -- El acróbata, imagen de Dios ... | ||
| 700 |
_aPayró, Julio E. (traductor) _928111 |
||
| 942 |
_2ddc _cLIBROS |
||
| 945 | _acmm | ||